| 000 | 00728nam a2200289Ia 4500 | ||
|---|---|---|---|
| 001 | Z_5119 | ||
| 003 | CHAP | ||
| 008 | 220113s1978 xx 000 0 und d | ||
| 010 | _a168176 | ||
| 040 | _cCHAP | ||
| 082 | _a584.9072 P5 | ||
| 100 |
_aPiper, Rex D _9142441 |
||
| 245 |
_aMeasurement techniques for herbaceous and shrubby vegetation / _cpor Rex D Piper |
||
| 260 |
_aNew Mexico : _bNew Mexico State University, _c1978 |
||
| 300 | _a143 h. | ||
| 440 | _a | ||
| 500 | _a | ||
| 503 | _a | ||
| 650 |
_aPastizales _xManejo 3 Métodos de medición _9142442 |
||
| 650 |
_aPastos _xInvestigación _986052 |
||
| 901 | _a584.9072 P5 | ||
| 902 | _aA | ||
| 910 | _a1978 | ||
| 942 | _c1 | ||
| 942 | _cc1 | ||
| 999 |
_c168176 _d168176 |
||